000 00803nam a2200265Ia 4500
003 OSt
005 20220925233813.0
006 a|||||r|||| 00| 0
007 ta
008 220923b |||||||| |||| 00| 0 eng d
020 _a8173051968
037 _cGeneral Book
040 _aRTL
_cRTL
_beng
041 _2eng
_aeng
082 _aY7:1, P1
100 _aSaraswati Baidyanath Ed.
_924624
245 0 _aNature of man and culture
_b Alternative paradigms in anthropology
260 _a New Delhi
_bAryan Books International India
_c2001
300 _axvi, 175p
_ccm.
490 _aIndira Gandhi National Centre for the Arts
500 _aBibliography Chapterwise
650 _aRace
942 _hY7:1, P1
_cGB
_2CC
999 _c594648
_d594648